000 00608nam a2200217Ia 4500
001 a391-21595 [37]
003 IT-MiCISF
005 20230307121728.0
008 161014s9999||||xx |||||||||||||| ||und||
040 _aIT-MiCISF
_cIT-MiCISF
041 _ait
100 _aEndres Josef
_959620
245 0 _aL'uomo manipolatore
260 _aCinisello Balsamo (MI),
_bPaoline,
_c1974
300 _app. 156
500 _a / procreazione-artificiale, aborto, trapianti, morale, teologia, tecnologie-riproduttive /
650 _aprocreazione
_956309
654 _asaggio
942 _cBK
_2ddc
999 _c216834
_d216834
999 _bsi